Efecto de la mezcla de combustible E-20( etanol 20%) en el parque automotor Colombiano (Registro nro. 20129)

Detalles MARC
000 -CABECERA
Campo de control 00920nam a22002897a 4500
005 - FECHA Y HORA DE LA ULTIMA TRANSACCION
Campo de control 20180322165617.0
008 - ELEMENTOS DE LONGITUD FIJA—INFORMACION GENERAL
Campo de control 180322e2017 ck ||||| |||| 00| 0 spa d
020 ## - ISBN
ISBN 9789587222715
040 ## - FUENTE DE CATALOGACIÓN
Agencia catalogadora original CO-BoIAVH
Agencia transcriptora CO-BoIAVH
041 ## - IDIOMA
Código de idioma para texto/pista de sonido o título separado Español
044 ## - PAÍS DE PUBLICACIÓN
País de publicación Colombia
082 ## - NUMERO DE CLASIFICACION DECIMAL DEWEY
Número de clasificación 621.43
Número del ítem Q81e
100 ## - ASIENTO PRINCIPAL--NOMBRE PERSONAL
Nombre personal Quirama L, Luis Felipe
9 (RLIN) 90727
245 1# - MENCION DE TITULO
Título Efecto de la mezcla de combustible E-20( etanol 20%) en el parque automotor Colombiano
260 ## - PUBLICACION, DISTRIBUCION, ETC. (PIE DE IMPRENTA)
Lugar de publicación, distribución, etc. Bogotá:
Nombre del editor, distribuidor, etc. Universidad Tecnológica de Pereira,
Fecha de publicación, distribución, etc. 2017.
300 ## - DESCRIPCION FISICA
Extensión 191 páginas
650 14 - ASIENTO SECUNDARIO DE MATERIA - TERMINO TEMATICO
Término temático o nombre geográfico como elemento de entrada Combustibles
9 (RLIN) 49081
650 14 - ASIENTO SECUNDARIO DE MATERIA - TERMINO TEMATICO
Término temático o nombre geográfico como elemento de entrada Alcohol
9 (RLIN) 90728
650 14 - ASIENTO SECUNDARIO DE MATERIA - TERMINO TEMATICO
Término temático o nombre geográfico como elemento de entrada Etanol
9 (RLIN) 90729
650 14 - ASIENTO SECUNDARIO DE MATERIA - TERMINO TEMATICO
Término temático o nombre geográfico como elemento de entrada Alcohol etílico
9 (RLIN) 90730
650 14 - ASIENTO SECUNDARIO DE MATERIA - TERMINO TEMATICO
Término temático o nombre geográfico como elemento de entrada Gasolina
Subdivisión general Composición
9 (RLIN) 90731
700 ## - ASIENTO SECUNDARIO - NOMBRE PERSONAL
Nombre personal Gaviria A, Luis Guillermo
9 (RLIN) 90732
700 ## - ASIENTO SECUNDARIO - NOMBRE PERSONAL
Nombre personal Ospina C, Sebastian
9 (RLIN) 90733
700 ## - ASIENTO SECUNDARIO - NOMBRE PERSONAL
Nombre personal Ríos Q, Luis Carlos
9 (RLIN) 90734
700 ## - ASIENTO SECUNDARIO - NOMBRE PERSONAL
Nombre personal Tibaquirá G, Juan Esteban
9 (RLIN) 90735
942 ## - ELEMENTOS ADICIONALES (KOHA)
Sistema de clasificación Dewey Decimal Classification
Tipo de ítem Libro
Existencias
Withdrawn status Lost status Sistema de Clasificación Damaged status No para préstamo Colección Ubicación Permanente Ubicación actual Fecha de adquisición Total Checkouts Número topográfico Inventario / Código de Barras Date last seen Ejemplar Price effective from Forma de adquisición Tipo de material
    Dewey Decimal Classification     General Bogotá Bogotá 22/03/2018   LB-621.43 Q81e 042503 22/03/2018 Ej, 1 22/03/2018 Canje Libro